[Event "SVK-chT1E 1920"]
[Site "Slovakia"]
[Date "2019.11.09"]
[Round "3.7"]
[White "Kacir, Tomas1111"]
[Black "Vrablik, Miroslav"]
[Result "1/2-1/2"]
[WhiteElo "1758"]
[BlackElo "2008"]
[PlyCount "88"]
[EventDate "2019.10.12"]
[EventType "team-tourn"]
[EventRounds "11"]
[EventCountry "SVK"]
[SourceTitle "CBM 193 Extra"]
[Source "ChessBase"]
[SourceDate "2020.01.31"]
[SourceVersion "1"]
[SourceVersionDate "2020.01.31"]
[SourceQuality "1"]
[WhiteTeam "Sabinov"]
[BlackTeam "Cebovce"]
[WhiteTeamCountry "SVK"]
[BlackTeamCountry "SVK"]

1. e4 c5 2. d4 cxd4 3. c3 d3 4. Bxd3 Nc6 5. Nf3 d6 6. Bf4 Nf6 7. Qc2 g6 8. Nbd2 Bg7 9. 0-0 0-0 10. Rfe1 Bd7 11. Rad1 Rc8 12. Qb1 a6 13. h3 b5 14. Nf1 Qb6 15. Ne3 Qb7 16. Nd5 Be6 17. Nxf6+ Bxf6 18. e5 dxe5 19. Nxe5 Nxe5 20. Bxe5 Bxe5 21. Rxe5 Rcd8 22. a3 Bb3 23. Bc2 Rxd1+ 24. Qxd1 Bxc2 25. Qxc2 Rd8 26. Re2 Qc7 27. Rd2 h5 28. Qd1 Rxd2 29. Qxd2 Qe5 30. Kf1 Kg7 31. f3 e6 32. Kf2 Kf6 33. Qd8+ Kg7 34. Qb6 Qd5 35. Qd4+ Qxd4+ 36. cxd4 Kf6 37. Ke3 Ke7 38. g4 hxg4 39. hxg4 Kd6 40. f4 Kd5 41. Kd3 f6 42. b3 g5 43. fxg5 fxg5 44. b4 e5 1/2-1/2

[Event "SVK-chT1E 1819"]
[Site "Slovakia"]
[Date "2019.03.16"]
[Round "10.6"]
[White "Vrablik, Miroslav"]
[Black "Sandor, Samuel"]
[Result "1-0"]
[WhiteElo "1989"]
[BlackElo "1757"]
[PlyCount "45"]
[EventDate "2018.10.27"]
[EventType "team-tourn"]
[EventRounds "11"]
[EventCountry "SVK"]
[SourceTitle "CBM 189 Extra"]
[Source "ChessBase"]
[SourceDate "2019.06.03"]
[SourceVersion "1"]
[SourceVersionDate "2019.06.03"]
[SourceQuality "1"]
[WhiteTeam "Cebovce"]
[BlackTeam "Michalovce Zemplin"]
[WhiteTeamCountry "SVK"]
[BlackTeamCountry "SVK"]

1. e4 d5 2. exd5 Qxd5 3. Nc3 Qa5 4. b4 Qxb4 5. Rb1 Qd6 6. Nf3 a6 7. Bd3 Nf6 8. 0-0 e6 9. Ne4 Nxe4 10. Bxe4 Nc6 11. Rb3 Qd7 12. Re1 Bd6 13. d4 0-0 14. Bxh7+ Kxh7 15. Ng5+ Kg6 16. Rh3 Nxd4 17. Qh5+ Kf6 18. Nh7+ Ke7 19. Nxf8 Kxf8 20. Qh8+ Ke7 21. Qxg7 Bb4 22. Bg5+ Kd6 23. Qxd4+ 1-0

[Event "SVK-chT1E 1819"]
[Site "Slovakia"]
[Date "2019.02.23"]
[Round "8.8"]
[White "Panko, Eduard1111"]
[Black "Vrablik, Miroslav"]
[Result "0-1"]
[WhiteElo "1984"]
[BlackElo "1989"]
[PlyCount "74"]
[EventDate "2018.10.27"]
[EventType "team-tourn"]
[EventRounds "11"]
[EventCountry "SVK"]
[SourceTitle "CBM 189 Extra"]
[Source "ChessBase"]
[SourceDate "2019.06.03"]
[SourceVersion "1"]
[SourceVersionDate "2019.06.03"]
[SourceQuality "1"]
[WhiteTeam "Bardejov"]
[BlackTeam "Cebovce"]
[WhiteTeamCountry "SVK"]
[BlackTeamCountry "SVK"]

1. e4 c5 2. a3 e6 3. b4 d5 4. e5 Nc6 5. Nf3 cxb4 6. d4 Bd7 7. axb4 Bxb4+ 8. c3 Be7 9. Bd3 f5 10. 0-0 Nh6 11. Bxh6 gxh6 12. Re1 0-0 13. Qb3 Na5 14. Qa2 b6 15. Nbd2 Bc6 16. Nf1 Kh8 17. Ne3 Bg5 18. Qe2 Rc8 19. Rac1 Rc7 20. Rc2 Rg7 21. Nxg5 Qxg5 22. f3 f4 23. Ng4 h5 24. Nf6 Nc4 25. Bxc4 dxc4 26. Kh1 b5 27. Ra2 Qf5 28. Rd1 Rd8 29. h3 Bb7 30. Qb2 Bxf3 31. Kh2 Bxd1 32. Qxb5 f3 33. Qc6 Qf4+ 34. Kg1 Qe3+ 35. Kh2 fxg2 36. Rxg2 Rxg2+ 37. Qxg2 Qe2 0-1

[Event "SVK-chT1E 1819"]
[Site "Slovakia"]
[Date "2018.10.28"]
[Round "2.8"]
[White "Vrablik, Miroslav"]
[Black "Antal, Jakub"]
[Result "1-0"]
[WhiteElo "1995"]
[BlackElo "1780"]
[PlyCount "61"]
[EventDate "2018.10.27"]
[EventType "team-tourn"]
[EventRounds "11"]
[EventCountry "SVK"]
[SourceTitle "CBM 187 Extra"]
[Source "ChessBase"]
[SourceDate "2018.11.04"]
[SourceVersion "1"]
[SourceVersionDate "2018.11.04"]
[SourceQuality "1"]
[WhiteTeam "Cebovce"]
[BlackTeam "Kosice Slavia TU II"]
[WhiteTeamCountry "SVK"]
[BlackTeamCountry "SVK"]

1. e4 c5 2. Nf3 Nc6 3. Nc3 g6 4. d4 cxd4 5. Nxd4 Bg7 6. Be3 Nf6 7. Bc4 0-0 8. Bb3 d6 9. f3 Bd7 10. Qd2 Nxd4 11. Bxd4 b5 12. 0-0 Bc6 13. a4 b4 14. Nd5 Bxd5 15. exd5 Qa5 16. Rfe1 Rfe8 17. Kh1 Nd7 18. Bxg7 Kxg7 19. Re3 f6 20. Rae1 Kf7 21. Qe2 Qd8 22. Bc4 Nb6 23. Bb5 Qc7 24. a5 Nc8 25. Bxe8+ Kxe8 26. c4 Rb8 27. b3 a6 28. c5 dxc5 29. Qxa6 Nd6 30. Rxe7+ Qxe7 31. Qc6+ 1-0

[Event "SVK-chT1E 1819"]
[Site "Slovakia"]
[Date "2018.10.27"]
[Round "1.8"]
[White "Klemanic, Emil"]
[Black "Vrablik, Miroslav"]
[Result "1/2-1/2"]
[WhiteElo "2119"]
[BlackElo "1995"]
[PlyCount "94"]
[EventDate "2018.10.27"]
[EventType "team-tourn"]
[EventRounds "11"]
[EventCountry "SVK"]
[SourceTitle "CBM 187 Extra"]
[Source "ChessBase"]
[SourceDate "2018.11.04"]
[SourceVersion "1"]
[SourceVersionDate "2018.11.04"]
[SourceQuality "1"]
[WhiteTeam "Kosice Slavia UPJS"]
[BlackTeam "Cebovce"]
[WhiteTeamCountry "SVK"]
[BlackTeamCountry "SVK"]

1. e4 c5 2. Nc3 Nc6 3. g3 g6 4. Bg2 Bg7 5. d3 d6 6. f4 e6 7. Nf3 Nge7 8. 0-0 0-0 9. Be3 Nd4 10. Bf2 Rb8 11. Nxd4 cxd4 12. Ne2 Nc6 13. c3 e5 14. cxd4 exd4 15. Qd2 Bg4 16. h3 Bxe2 17. Qxe2 Rc8 18. Rfc1 Qe7 19. Qd2 a5 20. b3 Nb4 21. a3 Rxc1+ 22. Rxc1 Na6 23. Qxa5 Nc5 24. Qb5 Qe8 25. Qc4 b5 26. Qc2 Qe6 27. e5 Qxb3 28. Qxb3 Nxb3 29. Rb1 Nc5 30. Rxb5 Nxd3 31. exd6 Nxf2 32. Kxf2 Rd8 33. Rd5 Bf8 34. d7 Bxa3 35. Bf1 Be7 36. Bb5 h5 37. Ke2 Bf6 38. f5 g5 39. Kd3 Kf8 40. Kc4 Ke7 41. Kc5 h4 42. gxh4 gxh4 43. Kc6 Rg8 44. Kc7 Rd8 45. Rd6 Be5 46. f6+ Bxf6 47. Rxf6 Rxd7+ 1/2-1/2

[Event "SVK-chT1E 1718"]
[Site "Slovakia"]
[Date "2018.02.18"]
[Round "9.6"]
[White "Endresz, Pavol"]
[Black "Vrablik, Miroslav"]
[Result "0-1"]
[WhiteElo "2070"]
[BlackElo "1990"]
[PlyCount "76"]
[EventDate "2017.10.21"]
[EventType "team-tourn"]
[EventRounds "11"]
[EventCountry "SVK"]
[SourceTitle "EXT 2019"]
[Source "ChessBase"]
[SourceDate "2018.10.10"]
[SourceVersion "1"]
[SourceVersionDate "2018.10.10"]
[SourceQuality "1"]
[WhiteTeam "Kezmarok"]
[BlackTeam "Cebovce"]
[WhiteTeamCountry "SVK"]
[BlackTeamCountry "SVK"]

1. e4 c5 2. Nf3 d6 3. d4 cxd4 4. Nxd4 Nf6 5. Nc3 g6 6. Be3 Bg7 7. Qd2 Nc6 8. f3 0-0 9. 0-0-0 d5 10. Qe1 e5 11. Nxc6 bxc6 12. Bg5 d4 13. Bc4 Qa5 14. Nd5 Qxe1 15. Ne7+ Kh8 16. Rhxe1 Bb7 17. f4 Ng4 18. fxe5 Nxe5 19. Bb3 f6 20. Bd2 a5 21. a4 Rfe8 22. Ng8 Rxg8 23. Bxg8 Kxg8 24. Bf4 c5 25. c3 Ba6 26. Bxe5 fxe5 27. b3 Bh6+ 28. Kc2 d3+ 29. Rxd3 Bxd3+ 30. Kxd3 Rd8+ 31. Kc4 Rd2 32. Kxc5 Rxg2 33. Rf1 Rxh2 34. b4 Be3+ 35. Kd5 axb4 36. cxb4 Ra2 37. b5 Rxa4 38. Kxe5 Ra8 0-1

[Event "SVK-chT1E 1718"]
[Site "Slovakia"]
[Date "2018.02.03"]
[Round "7.6"]
[White "Zvarik, Martin"]
[Black "Vrablik, Miroslav"]
[Result "1-0"]
[WhiteElo "2244"]
[BlackElo "1990"]
[PlyCount "57"]
[EventDate "2017.10.21"]
[EventType "team-tourn"]
[EventRounds "11"]
[EventCountry "SVK"]
[SourceTitle "EXT 2019"]
[Source "ChessBase"]
[SourceDate "2018.10.10"]
[SourceVersion "1"]
[SourceVersionDate "2018.10.10"]
[SourceQuality "1"]
[WhiteTeam "Zilina Mladost"]
[BlackTeam "Cebovce"]
[WhiteTeamCountry "SVK"]
[BlackTeamCountry "SVK"]

1. d4 Nf6 2. Bg5 g6 3. Nd2 Bg7 4. e4 d6 5. c3 0-0 6. Bc4 c6 7. Bb3 Qc7 8. Ne2 Nbd7 9. 0-0 a6 10. f4 b5 11. e5 dxe5 12. fxe5 Ng4 13. Ng3 Ndxe5 14. dxe5 Bxe5 15. Qf3 h5 16. Rae1 Be6 17. Bf4 Rad8 18. Bxe6 fxe6 19. Bxe5 Nxe5 20. Qe3 Rxf1+ 21. Ngxf1 Ng4 22. Qxe6+ Kf8 23. h3 Rd6 24. Qe2 Qa7+ 25. Kh1 Nf2+ 26. Kh2 Rf6 27. Nf3 g5 28. Nxg5 Rg6 29. Qf3+ 1-0

[Event "SVK-chT1E 1718"]
[Site "Slovakia"]
[Date "2017.10.22"]
[Round "2.7"]
[White "Panko, Eduard"]
[Black "Vrablik, Miroslav"]
[Result "0-1"]
[WhiteElo "1969"]
[BlackElo "1990"]
[PlyCount "66"]
[EventDate "2017.10.21"]
[EventType "team-tourn"]
[EventRounds "11"]
[EventCountry "SVK"]
[SourceTitle "CBM 181 Extra"]
[Source "ChessBase"]
[SourceDate "2017.12.12"]
[SourceVersion "1"]
[SourceVersionDate "2017.12.12"]
[SourceQuality "1"]
[WhiteTeam "Bardejov"]
[BlackTeam "Cebovce"]
[WhiteTeamCountry "SVK"]
[BlackTeamCountry "SVK"]

1. e4 c5 2. Nf3 d6 3. d4 cxd4 4. Nxd4 Nf6 5. Nc3 g6 6. Be3 Bg7 7. f3 0-0 8. Qd2 Nc6 9. Bb5 Bd7 10. Be2 a6 11. Nb3 b5 12. Bh6 Bxh6 13. Qxh6 Be6 14. 0-0-0 Ne5 15. g4 Rc8 16. Nd5 Bxd5 17. exd5 Qc7 18. Na1 Qb6 19. Rd2 a5 20. h4 a4 21. h5 a3 22. bxa3 Qc5 23. hxg6 fxg6 24. g5 Nh5 25. Rxh5 gxh5 26. Qxh5 Qxa3+ 27. Kd1 Qe3 28. Qh1 Nc4 29. Nb3 Ra8 30. Qh2 Nxd2 31. Nxd2 Rxa2 32. Nb3 Rfa8 33. c3 Ra1+ 0-1

[Event "SVK-chT2C 1617"]
[Site "Slovakia"]
[Date "2017.02.11"]
[Round "8.5"]
[White "Horsak, Jan"]
[Black "Vrablik, Miroslav"]
[Result "1/2-1/2"]
[WhiteElo "2097"]
[BlackElo "1986"]
[PlyCount "124"]
[EventDate "2016.10.08"]
[EventType "team-tourn"]
[EventRounds "11"]
[EventCountry "SVK"]
[SourceTitle "EXT 2018"]
[Source "ChessBase"]
[SourceDate "2017.10.13"]
[SourceVersion "1"]
[SourceVersionDate "2017.10.13"]
[SourceQuality "1"]
[WhiteTeam "Rajecke Teplice"]
[BlackTeam "Cebovce"]
[WhiteTeamCountry "SVK"]
[BlackTeamCountry "SVK"]

1. c4 c5 2. g3 Nf6 3. Bg2 e6 4. Nf3 Qc7 5. d3 b6 6. Na3 a6 7. Rb1 Bb7 8. Nc2 d6 9. b4 Nbd7 10. 0-0 Be7 11. bxc5 bxc5 12. Bd2 0-0 13. Ne3 Bc6 14. Qc2 Rfb8 15. Bc3 Rxb1 16. Rxb1 Rb8 17. Nd2 Bxg2 18. Kxg2 Rxb1 19. Qxb1 Qc6+ 20. Kg1 Ne8 21. Nb3 Bf6 22. Na5 Qc7 23. Bd2 h5 24. Ng2 g6 25. Qd1 Nb6 26. e4 Qd7 27. Qb3 Bd8 28. Ne3 Qa4 29. Nb7 Bc7 30. Ba5 Qxb3 31. axb3 Nc8 32. Bxc7 Nxc7 33. e5 dxe5 34. Nxc5 Ne7 35. Kf1 Nc6 36. Ke2 Kf8 37. Kd2 Ke7 38. Kc3 a5 39. Nc2 f5 40. f3 g5 41. d4 g4 42. fxg4 hxg4 43. dxe5 Nxe5 44. Nd4 Kf6 45. Nb7 Nd7 46. Nxa5 e5 47. Ne2 Kg5 48. b4 f4 49. Kd3 Kf5 50. gxf4 exf4 51. Nc6 f3 52. Ng3+ Kf4 53. c5 Ne6 54. Nd4 Nexc5+ 55. bxc5 Nxc5+ 56. Kd2 Ne4+ 57. Nxe4 Kxe4 58. Ne6 Kf5 59. Ng7+ Kg5 60. Ke3 Kh4 61. Kf2 Kh3 62. Nf5 Kxh2 1/2-1/2

[Event "SVK-chT2C 1617"]
[Site "Slovakia"]
[Date "2017.01.21"]
[Round "7.5"]
[White "Vrablik, Miroslav"]
[Black "Sankova, Stella"]
[Result "1/2-1/2"]
[WhiteElo "1986"]
[BlackElo "1872"]
[PlyCount "94"]
[EventDate "2016.10.08"]
[EventType "team-tourn"]
[EventRounds "11"]
[EventCountry "SVK"]
[SourceTitle "EXT 2018"]
[Source "ChessBase"]
[SourceDate "2017.10.13"]
[SourceVersion "1"]
[SourceVersionDate "2017.10.13"]
[SourceQuality "1"]
[WhiteTeam "Cebovce"]
[BlackTeam "Banska Bystrica Veza"]
[WhiteTeamCountry "SVK"]
[BlackTeamCountry "SVK"]

1. e4 c5 2. Nf3 e6 3. b3 Nc6 4. Bb2 d6 5. d4 cxd4 6. Nxd4 Nf6 7. Nc3 Be7 8. Be2 0-0 9. 0-0 a6 10. Qd2 Qc7 11. a4 Rd8 12. Rad1 Bd7 13. Qe3 Nb4 14. Rc1 e5 15. Nf3 Ng4 16. Qd2 Nf6 17. h3 h6 18. Qe3 Be6 19. Rfd1 Rac8 20. Bf1 Nh5 21. g3 Nf6 22. Kh2 Nc6 23. Bg2 Qd7 24. Ne2 Qc7 25. c4 Nh7 26. Nc3 Qb8 27. Nd5 Bxd5 28. Rxd5 Nb4 29. Rdd1 Qc7 30. Qc3 Na2 31. Qe1 Nxc1 32. Rxc1 Qb6 33. Rc3 Ng5 34. h4 Nxf3+ 35. Rxf3 Qc6 36. Bh3 Rc7 37. Re3 b5 38. axb5 axb5 39. Bf1 bxc4 40. Bxc4 Ra7 41. Qd1 Rb8 42. Bd5 Qe8 43. Qh5 Ra5 44. Rf3 Rxd5 45. exd5 Rb5 46. Rd3 Bf6 47. Qg4 Qa8 1/2-1/2

[Event "SVK-chT2C 1617"]
[Site "Slovakia"]
[Date "2016.12.03"]
[Round "5.5"]
[White "Vrablik, Miroslav"]
[Black "Kral, Peter"]
[Result "0-1"]
[WhiteElo "1986"]
[BlackElo "2084"]
[PlyCount "48"]
[EventDate "2016.10.08"]
[EventType "team-tourn"]
[EventRounds "11"]
[EventCountry "SVK"]
[SourceTitle "EXT 2018"]
[Source "ChessBase"]
[SourceDate "2017.10.13"]
[SourceVersion "1"]
[SourceVersionDate "2017.10.13"]
[SourceQuality "1"]
[WhiteTeam "Cebovce"]
[BlackTeam "Filakovo"]
[WhiteTeamCountry "SVK"]
[BlackTeamCountry "SVK"]

1. e4 c6 2. d4 d5 3. exd5 cxd5 4. c4 Nf6 5. Nc3 Nc6 6. Bg5 e6 7. Nf3 Be7 8. c5 Ne4 9. Bxe7 Qxe7 10. Bb5 Bd7 11. 0-0 0-0 12. Re1 f5 13. Bxc6 Bxc6 14. Ne5 Qh4 15. Qc2 Rf6 16. Re3 Ng5 17. Rd1 Rh6 18. h3 Be8 19. Kf1 Bh5 20. Rdd3 f4 21. Re1 f3 22. Nxf3 Bxf3 23. gxf3 Nxh3 24. Nd1 Nf4 0-1

[Event "SVK-chT2C 1617"]
[Site "Slovakia"]
[Date "2016.10.08"]
[Round "1.5"]
[White "Hyll, Jan"]
[Black "Vrablik, Miroslav"]
[Result "1/2-1/2"]
[WhiteElo "1941"]
[BlackElo "1986"]
[PlyCount "63"]
[EventDate "2016.10.08"]
[EventType "team-tourn"]
[EventRounds "11"]
[EventCountry "SVK"]
[SourceTitle "CBM 175 Extra"]
[Source "ChessBase"]
[SourceDate "2016.12.12"]
[SourceVersion "1"]
[SourceVersionDate "2016.12.12"]
[SourceQuality "1"]
[WhiteTeam "Martin Medea"]
[BlackTeam "Cebovce"]
[WhiteTeamCountry "SVK"]
[BlackTeamCountry "SVK"]

1. d4 Nf6 2. e3 g6 3. Bd3 Bg7 4. Nf3 d6 5. h3 0-0 6. 0-0 Nbd7 7. Nbd2 c5 8. c3 b6 9. Qe2 Bb7 10. e4 Nh5 11. Nc4 b5 12. Ne3 Nf4 13. Qd1 Nxd3 14. Qxd3 c4 15. Qc2 e6 16. Ng4 h5 17. Ngh2 e5 18. Re1 Qc7 19. dxe5 dxe5 20. Be3 Nc5 21. Bxc5 Qxc5 22. Rad1 Rad8 23. Nf1 Bh6 24. N1h2 Qe7 25. Qe2 Kg7 26. h4 a6 27. Nf1 Bc6 28. Ng3 Bf4 29. Nf1 f6 30. N1h2 Rxd1 31. Rxd1 Rd8 32. Re1 1/2-1/2

[Event "SVK-chT2C 1516"]
[Site "Slovakia"]
[Date "2016.03.12"]
[Round "10.5"]
[White "Vrablik, Miroslav"]
[Black "Hyll, Jan"]
[Result "1-0"]
[WhiteElo "2001"]
[BlackElo "1967"]
[PlyCount "109"]
[EventDate "2015.10.17"]
[EventType "team-tourn"]
[EventRounds "11"]
[EventCountry "SVK"]
[SourceTitle "EXT 2017"]
[Source "ChessBase"]
[SourceDate "2016.10.25"]
[SourceVersion "1"]
[SourceVersionDate "2016.10.25"]
[SourceQuality "1"]
[WhiteTeam "Cebovce"]
[BlackTeam "Dolny Kubin"]
[WhiteTeamCountry "SVK"]
[BlackTeamCountry "SVK"]

1. e4 d5 2. exd5 Nf6 3. c4 e6 4. Nc3 exd5 5. d4 Be7 6. cxd5 Nxd5 7. Qb3 Nb6 8. Nf3 Be6 9. Qd1 0-0 10. Be2 Nc6 11. 0-0 Bf6 12. Be3 Bg4 13. Ne4 Bxf3 14. Nxf6+ Qxf6 15. Bxf3 Rad8 16. Qb3 Nxd4 17. Bxd4 Rxd4 18. Bxb7 Rfd8 19. Rad1 Qd6 20. Rxd4 Qxd4 21. Bf3 Qe5 22. Rd1 Rxd1+ 23. Qxd1 g6 24. b3 c5 25. h3 Kg7 26. Qc1 Qd4 27. Qa3 c4 28. bxc4 Nxc4 29. Qa4 Qa1+ 30. Kh2 Qe5+ 31. Kg1 Qc5 32. Qc2 Qb4 33. Be2 Nd6 34. Bd3 Qe1+ 35. Kh2 Qe5+ 36. Kg1 Qd4 37. Qe2 a5 38. a4 Nb7 39. Bb5 Nc5 40. Qc2 Ne4 41. Bc6 Nc3 42. g3 Qc4 43. Bb5 Qd4 44. Bc6 Qe5 45. h4 Qe1+ 46. Kg2 Ne2 47. Qe4 Qc3 48. Bb5 Nc1 49. Bc4 Qf6 50. Qd5 Qe7 51. Kf1 Qc7 52. Qd4+ f6 53. Qd5 g5 54. hxg5 fxg5 55. Qxg5+ 1-0

[Event "SVK-chT2B 1213"]
[Site "Slovakia"]
[Date "2013.03.16"]
[Round "10.6"]
[White "Vrablik, Miroslav"]
[Black "Zahorsky, Robert"]
[Result "1-0"]
[WhiteElo "2049"]
[BlackElo "1972"]
[PlyCount "55"]
[EventDate "2012.10.13"]
[EventType "team-tourn"]
[EventRounds "11"]
[EventCountry "SVK"]
[SourceTitle "EXT 2015"]
[Source "ChessBase"]
[SourceDate "2014.11.20"]
[SourceVersion "1"]
[SourceVersionDate "2014.11.20"]
[SourceQuality "1"]
[WhiteTeam "Prievidza II"]
[BlackTeam "Tlmace"]
[WhiteTeamCountry "SVK"]
[BlackTeamCountry "SVK"]

1. e4 c6 2. d4 d5 3. exd5 cxd5 4. c4 e6 5. Nf3 Nf6 6. Nc3 Be7 7. cxd5 exd5 8. h3 0-0 9. Bd3 Nc6 10. 0-0 h6 11. Bf4 a6 12. Qd2 Re8 13. Rac1 Bd6 14. Rfe1 Be6 15. Be5 Rc8 16. Bb1 Bxe5 17. dxe5 Nh7 18. Rcd1 Qb6 19. Nxd5 Bxd5 20. Qxd5 Qxb2 21. e6 fxe6 22. Rxe6 Kh8 23. Rde1 Rxe6 24. Qxe6 Rd8 25. Nh4 Nf8 26. Ng6+ Nxg6 27. Qxg6 Kg8 28. Re8+ 1-0

[Event "Zilina Region-ch"]
[Site "Zilina"]
[Date "2011.05.07"]
[Round "4"]
[White "Kolenak, Matus"]
[Black "Vrablik, Miroslav"]
[Result "1/2-1/2"]
[WhiteElo "1845"]
[BlackElo "2066"]
[PlyCount "37"]
[EventDate "2011.05.06"]
[EventType "swiss"]
[EventRounds "7"]
[EventCountry "SVK"]
[SourceTitle "EXT 2012"]
[Source "ChessBase"]
[SourceDate "2011.11.24"]
[SourceVersion "1"]
[SourceVersionDate "2011.11.24"]
[SourceQuality "1"]

1. e4 e5 2. Nf3 Nc6 3. Bb5 a6 4. Ba4 Nf6 5. 0-0 Be7 6. Re1 b5 7. Bb3 0-0 8. c3 d5 9. exd5 Nxd5 10. d4 exd4 11. Nxd4 Nxd4 12. cxd4 Bf6 13. Nc3 Nxc3 14. bxc3 b4 15. Bc2 Bb7 16. Qd3 g6 17. Bh6 Qd5 18. Qg3 Rfe8 19. Bb3 1/2-1/2

[Event "Zilina Region-ch"]
[Site "Zilina"]
[Date "2011.05.06"]
[Round "1"]
[White "Vrablik, Miroslav"]
[Black "Vlcek, Peter"]
[Result "1-0"]
[WhiteElo "2066"]
[BlackElo "1897"]
[PlyCount "139"]
[EventDate "2011.05.06"]
[EventType "swiss"]
[EventRounds "7"]
[EventCountry "SVK"]
[SourceTitle "EXT 2012"]
[Source "ChessBase"]
[SourceDate "2011.11.24"]
[SourceVersion "1"]
[SourceVersionDate "2011.11.24"]
[SourceQuality "1"]

1. e4 e5 2. Nf3 Nc6 3. Bb5 d6 4. c3 Bd7 5. 0-0 Be7 6. d4 exd4 7. cxd4 Nf6 8. Nc3 0-0 9. Re1 a6 10. Bd3 Bg4 11. Be3 Nd7 12. Nd5 Re8 13. h3 Bh5 14. Nf4 Bg6 15. Nxg6 hxg6 16. Rc1 Nf6 17. Qb3 Na5 18. Qc3 Nc6 19. a3 Qd7 20. d5 Ne5 21. Nxe5 dxe5 22. Qxc7 Bd6 23. Qxd7 Nxd7 24. g4 Rac8 25. Rxc8 Rxc8 26. Kf1 Kf8 27. Rc1 Rxc1+ 28. Bxc1 Ke7 29. Ke2 f6 30. Be3 Bc5 31. Bd2 g5 32. b4 Ba7 33. a4 Kd6 34. b5 axb5 35. Bxb5 Bc5 36. a5 Ba3 37. Bxd7 Kxd7 38. Kd3 Bc5 39. f3 b5 40. axb6 Bxb6 41. Bb4 Bd8 42. Kc4 g6 43. Kb5 Bc7 44. Bf8 Bd8 45. Kc5 Bc7 46. d6 Bd8 47. Kd5 Ke8 48. Bg7 Kf7 49. Bh6 Ba5 50. Kc6 Ke8 51. Bg7 Kf7 52. Bh8 Ke6 53. Kc5 Bd8 54. Bg7 Kf7 55. Bh6 Ke8 56. Kc6 Ba5 57. Kb7 Kd7 58. Bf8 Bd8 59. Kb8 Ba5 60. Be7 Bd8 61. Bf8 Ba5 62. Kb7 Bd8 63. Be7 Bxe7 64. dxe7 Kxe7 65. Kc7 Ke8 66. Kd6 Kf7 67. Kd7 f5 68. Kd6 Kf6 69. Kd5 fxe4 70. fxe4 1-0

[Event "SVK-chT1W 1011"]
[Site "Slovakia"]
[Date "2011.03.20"]
[Round "9"]
[White "Vrablik, Miroslav"]
[Black "Slapak, Zdenek"]
[Result "0-1"]
[WhiteElo "2106"]
[BlackElo "2133"]
[PlyCount "104"]
[EventDate "2010.11.06"]
[EventType "team-tourn"]
[EventRounds "11"]
[EventCountry "SVK"]
[SourceTitle "EXT 2012"]
[Source "ChessBase"]
[SourceDate "2011.11.24"]
[SourceVersion "1"]
[SourceVersionDate "2011.11.24"]
[SourceQuality "1"]
[WhiteTeam "Prievidza II"]
[BlackTeam "Bratislava Slovan II"]
[WhiteTeamCountry "SVK"]
[BlackTeamCountry "SVK"]

1. e4 e5 2. Nf3 Nc6 3. Bb5 a6 4. Ba4 Nf6 5. 0-0 Be7 6. Qe2 d6 7. c3 0-0 8. d3 b5 9. Bc2 Bb7 10. Rd1 Re8 11. Nbd2 Nb8 12. Nf1 c5 13. Ng3 g6 14. h4 h5 15. Bg5 Nbd7 16. Nh2 Nf8 17. Ngf1 Ne6 18. Be3 Qc7 19. Nd2 d5 20. f3 d4 21. Bf2 Nf4 22. Qf1 Bc8 23. c4 b4 24. Ba4 Rf8 25. Rdc1 Nh7 26. Bc2 Kh8 27. Kh1 Rg8 28. g3 Bh3 29. Qd1 Ng2 30. Qe2 g5 31. hxg5 Bxg5 32. Rg1 Ne3 33. Ndf1 Nxf1 34. Nxf1 Qd7 35. Kh2 Be6 36. Rh1 Nf6 37. Nd2 Rg6 38. Rag1 Rag8 39. Kg2 Bf4 40. Nf1 Rh6 41. Rh2 Bg5 42. Kh1 Ng4 43. fxg4 Bxg4 44. Qe1 Bf3+ 45. Rgg2 h4 46. Bd1 Qg4 47. gxh4 Bf4 48. Bxf3 Qxf3 49. Bg3 Rhg6 50. h5 Rxg3 51. Nxg3 Bxg3 52. Rh3 Qxg2+ 0-1

[Event "SVK-chT1W 1011"]
[Site "Slovakia"]
[Date "2010.12.11"]
[Round "3.7"]
[White "Polacik, Igor"]
[Black "Vrablik, Miroslav"]
[Result "1/2-1/2"]
[WhiteElo "2180"]
[BlackElo "2106"]
[PlyCount "63"]
[EventDate "2010.11.06"]
[EventType "team-tourn"]
[EventRounds "11"]
[EventCountry "SVK"]
[SourceTitle "EXT 2012"]
[Source "ChessBase"]
[SourceDate "2011.11.24"]
[SourceVersion "1"]
[SourceVersionDate "2011.11.24"]
[SourceQuality "1"]
[WhiteTeam "Bratislava Doprastav"]
[BlackTeam "Prievidza II"]
[WhiteTeamCountry "SVK"]
[BlackTeamCountry "SVK"]

1. e4 c5 2. Nf3 d6 3. Bb5+ Nd7 4. c3 Ngf6 5. Qe2 a6 6. Ba4 b5 7. Bc2 Bb7 8. 0-0 e5 9. Re1 Be7 10. d3 0-0 11. Nbd2 Re8 12. Nf1 Bf8 13. Ng3 g6 14. c4 Bg7 15. h3 Nf8 16. Be3 Ne6 17. Qd2 Nd7 18. Rab1 b4 19. Ba4 Rf8 20. Nh2 Nb6 21. Bd1 Bc6 22. Bh6 Qh4 23. Ng4 Nf4 24. Bxf4 exf4 25. Qxf4 Rad8 26. Qd2 Kh8 27. Ne3 Bd7 28. Bg4 h5 29. Bxd7 Nxd7 30. Nd5 Ne5 31. Rbd1 Rde8 32. Qf4 1/2-1/2

[Event "SVK-chT2B 0910"]
[Site "Slovakia"]
[Date "2010.02.06"]
[Round "8"]
[White "Vrablik, Miroslav"]
[Black "Szenczi, Juraj"]
[Result "1-0"]
[WhiteElo "2097"]
[BlackElo "1930"]
[PlyCount "67"]
[EventDate "2009.10.10"]
[EventType "team"]
[EventRounds "11"]
[EventCountry "SVK"]
[SourceTitle "EXT 2011"]
[Source "ChessBase"]
[SourceDate "2010.11.26"]
[SourceVersion "1"]
[SourceVersionDate "2010.11.26"]
[SourceQuality "1"]
[WhiteTeam "Prievidza II"]
[BlackTeam "Kosihy Europress"]
[WhiteTeamCountry "SVK"]
[BlackTeamCountry "SVK"]

1. d4 d6 2. Nc3 g6 3. Nf3 Bg7 4. e4 Nc6 5. h3 a6 6. Bg5 h6 7. Be3 e5 8. Qd2 exd4 9. Nxd4 Nge7 10. 0-0-0 b5 11. g4 Qd7 12. Nb3 Ne5 13. f4 Nc4 14. Bxc4 bxc4 15. Na5 Rb8 16. Bd4 f6 17. Nxc4 Nc6 18. Bf2 Qe6 19. Nd5 Qf7 20. f5 g5 21. Bg3 0-0 22. Qc3 Bb7 23. Rhe1 Ra8 24. h4 Na7 25. Qa5 Rac8 26. Bf2 Nc6 27. Qa4 Rfe8 28. Qb3 Rb8 29. Qg3 Rbc8 30. b3 a5 31. a4 Ba6 32. Qc3 Bxc4 33. Qxc4 Qd7 34. Nxf6+ 1-0